00646nam a2200241Ia 45000010006000000050017000060070003000230080041000260200007000670400025000740410008000990820020001071000025001272450104001522500014002562600042002703000019003125040010003316530014003416530015003556530017003706530017003871038220240113235219.0ta130918s1957 ii g b000 u 465 u cHB aCotton College,Assam aeng a338.91bSt 52 P aStigler, George J. . 0aProduction and Distribution Theories: The Formative Period /cGeorge J. Stigler.hTextual Documents a1st ed. / aNew York :bMacmillan and Co ,c1957. a392p. ;c22cm. aIndex aEconomics aProduction aDistribution aMS-Economics